000 00277nam a2200109Ia 4500
008 190914s9999||||xx |||||||||||||| ||und||
100 _aRobert G. Freeman
245 0 _aORACLE Database 10g New Features
260 _aCanada
_bTata McGraw Hill
_c1975
300 _a230
942 _cBK
999 _c9718
_d9718